000 00718nam a2200193 a 4500
001 000042868
005 20201002040446.0
008 140211s1993 sp 000 0 spa d
020 _a8474839408
040 _aDO-SdBNP
_bspa
_cBNPHU
082 _axxxx
_bxxxx
111 2 _aReunión de la cultura en España y su integracionen Europa
_d( 1 a 2 dic : 1992
_cMadrid)
_970274
245 1 0 _aLa Cultura en España y su Integración en Europa /
_cpresentación de Jordi Sole-Tura.
260 _aMadrid :
_bMinisterio de Cultura,
_bSecretaría General Técnica,
_c1993.
300 _a212 p. ;
_c23 cm.
490 1 _aAnálisis y documentos
_v2
700 1 2 _aSolé-Tura, Jordi.
_944602
830 0 _aAnálisis y documentos
_n2
_970275
999 _c42357
_d42357